<?xml version="1.0" encoding="UTF-8"?>
<marc:record xmlns:marc="http://www.loc.gov/MARC21/slim">
   <marc:leader>00000nam a2200000 a 4500</marc:leader>
   <marc:datafield ind1=" " ind2=" " tag="653">
      <marc:subfield code="a">Kinderhörbuch</marc:subfield>
   </marc:datafield>
   <marc:datafield ind1=" " ind2=" " tag="653">
      <marc:subfield code="a">Hörspiel zum Film</marc:subfield>
   </marc:datafield>
   <marc:datafield ind1=" " ind2=" " tag="653">
      <marc:subfield code="a">CD-Hörbuch</marc:subfield>
   </marc:datafield>
   <marc:datafield ind1="0" ind2="0" tag="245">
      <marc:subfield code="a">Kung Fu Panda 3</marc:subfield>
   </marc:datafield>
   <marc:datafield ind1=" " ind2="1" tag="264">
      <marc:subfield code="b">Dolby Digital</marc:subfield>
      <marc:subfield code="c">2016</marc:subfield>
   </marc:datafield>
   <marc:datafield ind1="1" ind2=" " tag="520">
      <marc:subfield code="a">2016 kehrt eine der erfolgreichsten Animations-Franchises der Welt mit ihrer bisher größten Abenteuerkomödie ins Kino zurück: "Kung Fu Panda 3". Nach der überraschenden Rückkehr von Pos verloren geglaubtem Vater macht sich das wiedervereinte Duo auf den Weg in ein geheimes Panda-Paradies, wo sie jede Menge lustige neue Pandas kennenlernen. Der Spaß hat jedoch ein Ende, als der übermächtige Bösewicht Kai in China einen Kung Fu Meister nach dem anderen bezwingt und Po vor eine schier unlösbare Aufgabe stellt: er muss aus einem Dorf voller lebenslustiger, schwerfälliger Pandas ultimative Kung Fu Panda-Kämpfer machen!</marc:subfield>
   </marc:datafield>
   <marc:datafield ind1=" " ind2=" " tag="020">
      <marc:subfield code="a">4047552000702</marc:subfield>
      <marc:subfield code="9">4047552000702</marc:subfield>
   </marc:datafield>
   <marc:datafield ind1="0" ind2=" " tag="490">
      <marc:subfield code="v">0</marc:subfield>
   </marc:datafield>
   <marc:datafield ind1=" " ind2=" " tag="300">
      <marc:subfield code="a">91 Min.</marc:subfield>
   </marc:datafield>
</marc:record>
